Vista normal
Vista MARC
Entrada Corporate Name
Número de registros utilizados en: 1
001 - CONTROL NUMBER
- control field: 36208
003 - CONTROL NUMBER IDENTIFIER
- control field: OSt
005 - DATE AND TIME OF LATEST TRANSACTION
- control field: 20210317112555.0
008 - FIXED-LENGTH DATA ELEMENTS
- fixed length control field: 210317|| aca||aabn | a|a d
040 ## - CATALOGING SOURCE
- Original cataloging agency: OSt
- Transcribing agency: OSt
110 ## - HEADING--CORPORATE NAME
- Corporate name or jurisdiction name as entry element: Organización Iberoamericana de Seguridad Social-OISS
670 ## - SOURCE DATA FOUND
- Source citation: Work cat.: (OSt): Colombia. Ministerio del Trabajo 36203, Segunda Encuesta Nacional de Condiciones de Seguridad y Salud en el Trabajo en el Sistema de Riesgos Laborales de Colombia / , 2013